| 000 | 00634cam a22002171 4500 | ||
|---|---|---|---|
| 001 | ca 36000900 | ||
| 003 | DLC | ||
| 005 | 20260227111141.0 | ||
| 008 | 790322s1929 xx 000 0 eng | ||
| 010 | _aca 36000900 | ||
| 035 | _a(OCoLC)4766119 | ||
| 040 |
_aDLC _cOCl _dDLC |
||
| 042 | _apremarc | ||
| 050 | 0 | 0 |
_aPN6120.H5 _bC7 |
| 082 | _a812.5 | ||
| 100 | 1 |
_aCrockett, Helen May, _d1892- |
|
| 245 | 1 | 2 |
_aA Pilgrim mother, _ba drama in one act _c[by] Helen May Crockett. |
| 260 |
_aBoston, _aChicago, _bThe Pilgrim press _c[c1929] |
||
| 300 |
_a1 p. l., v-viii, 9-38 p. _c19 cm. |
||
| 650 | 0 |
_aPilgrims (New Plymouth Colony) _vDrama. |
|
| 999 |
_c18140 _d18140 |
||